[Event "Titled Tue 3rd Jan Late"]
[Site "chess.com INT"]
[Date "2025.06.03"]
[Round "5"]
[White "Thomforde-Toates, Noah"]
[Black "Mahdavi, Reza"]
[Result "1-0"]
[BlackTitle "IM"]
[WhiteElo "2128"]
[BlackElo "2445"]
[WhiteFideId "30951992"]
[BlackFideId "12595926"]
[EventDate "2025.06.03"]

1. d4 Nf6 2. Nc3 d5 3. Bf4 g6 4. e3 Bg7 5. h4 h5 6. Nf3 O-O 7. Ne5 c5 8. dxc5
Qa5 9. Qd2 Qxc5 10. Na4 Qd6 11. Nxg6 Qd8 12. Nxf8 Kxf8 13. Nc3 Nc6 14. Be2 Qb6
15. O-O Be6 16. Na4 Qd8 17. Nc5 Bc8 18. Bf3 b6 19. Nb3 Bg4 20. Bxg4 hxg4 21.
Rad1 Rc8 22. Bg5 e6 23. c4 dxc4 24. Qe2 Qe8 25. Qxc4 Ne7 26. Qf4 Ng6 27. Qd6+
Kg8 28. Bxf6 Bxf6 29. h5 Ne5 30. Qb4 Rc4 31. Qd6 Kg7 32. Rd4 Rc6 33. Qb4 Qh8 34.
Rxg4+ Nxg4 35. Qxg4+ Kf8 36. Rd1 Qh7 37. Rd2 a5 38. Qf4 Kg7 39. g4 Qb1+ 40. Kg2
a4 41. g5 Be7 42. h6+ Kg8 43. Rd7 axb3 44. Rxe7 Qg6 45. Qe5 Rc5 46. Re8+ 1-0

[Event "Titled Tue 3rd Jan Late"]
[Site "chess.com INT"]
[Date "2025.06.03"]
[Round "5"]
[White "Zlatkov, Anton"]
[Black "Makaraci, Tunahan"]
[Result "0-1"]
[WhiteTitle "FM"]
[BlackTitle "FM"]
[WhiteElo "2322"]
[BlackElo "2233"]
[WhiteFideId "15005402"]
[BlackFideId "6356559"]
[EventDate "2025.06.03"]

1. d4 d5 2. Nf3 Nf6 3. c4 e6 4. e3 c5 5. b3 Nc6 6. Bb2 cxd4 7. exd4 Bb4+ 8. Nbd2
Ne4 9. cxd5 exd5 10. Be2 Qa5 11. a3 Bxd2+ 12. Nxd2 O-O 13. b4 Qd8 14. Nxe4 dxe4
15. d5 Ne7 16. Bc4 Nf5 17. O-O Nd6 18. Qd4 Qg5 19. Rfe1 Bh3 20. Bf1 Rae8 21.
Qxa7 Nf5 22. Kh1 Nh4 23. gxh3 Nf3 24. Bg2 Nxe1 25. Rxe1 Qd2 26. Qe3 Qxb2 27. Rd1
f5 28. d6 Rd8 29. Bf1 Kh8 30. Bc4 Qe5 31. d7 f4 32. Qc5 Qf6 33. Qd6 Qh4 34. Kg2
f3+ 35. Kg1 Rf6 36. Be6 Qg5+ 37. Kh1 0-1

[Event "Titled Tue 3rd Jan Late"]
[Site "chess.com INT"]
[Date "2025.06.03"]
[Round "5"]
[White "Tekeyev, Zaur"]
[Black "Sarana, Alexey"]
[Result "0-1"]
[WhiteTitle "IM"]
[BlackTitle "GM"]
[WhiteElo "2417"]
[BlackElo "2686"]
[WhiteFideId "4199731"]
[BlackFideId "24133795"]
[EventDate "2025.06.03"]

1. e4 e5 2. Nf3 Nc6 3. Bc4 Nf6 4. d3 d5 5. exd5 Nxd5 6. O-O Bg4 7. Re1 Qd6 8.
Bb5 O-O-O 9. Bxc6 bxc6 10. Nbd2 f6 11. c3 Nf4 12. d4 c5 13. dxe5 fxe5 14. Qa4
Bxf3 15. Nxf3 Nd3 16. Rd1 Be7 17. Qe4 Kb8 18. Bg5 Bxg5 19. Nxg5 Rhf8 20. Rd2 h6
21. Rad1 Nxf2 22. Rxd6 Rxd6 23. Rxd6 Nxe4 24. Ne6 cxd6 25. Nxf8 Kc8 26. Ne6 g5
27. Ng7 Kd7 28. Nf5 h5 29. Ne3 Ke6 30. c4 Nf6 31. Kf2 d5 32. cxd5+ Nxd5 33. Nc4
e4 34. Ke2 Kf5 35. g3 Kg4 36. Nd6 e3 37. Ne4 c4 38. h4 gxh4 39. gxh4 Kxh4 40.
Kf3 a5 41. a4 Nb6 42. Nc3 Kh3 43. Kxe3 Kg2 44. Ne2 h4 45. Kd4 Nxa4 46. Kxc4
Nxb2+ 47. Kb3 Nd3 48. Kc3 Ne5 49. Kd4 Ng6 0-1

[Event "Titled Tue 3rd Jan Late"]
[Site "chess.com INT"]
[Date "2025.06.03"]
[Round "5"]
[White "Arakelyan, Manvel"]
[Black "Loskutova, Viktoriya"]
[Result "0-1"]
[WhiteTitle "FM"]
[BlackTitle "WFM"]
[WhiteElo "2326"]
[BlackElo "2066"]
[WhiteFideId "13317415"]
[BlackFideId "34166278"]
[EventDate "2025.06.03"]

1. e4 e5 2. Nf3 Nc6 3. Nc3 Nf6 4. d4 Bb4 5. Nxe5 O-O 6. Nxc6 dxc6 7. Bd3 Qxd4 8.
O-O Ng4 9. Ne2 Qd6 10. Bf4 Ne5 11. Ng3 a5 12. Qh5 Re8 13. Rad1 Qf6 14. Bxe5 Rxe5
15. Qe2 Qf4 16. Bc4 Bg4 17. f3 Bc5+ 18. Kh1 Be6 19. Bxe6 Rxe6 20. Nf5 Qxf5 21.
Qc4 Qh5 22. g4 Qe5 23. Rd7 b5 24. Qd3 Rae8 25. a4 Rd6 26. Rxd6 Bxd6 27. Rf2 Qxb2
28. axb5 cxb5 29. f4 a4 30. e5 Bc5 31. Rd2 a3 32. Qd7 Rf8 33. e6 fxe6 34. Qxe6+
Kh8 35. Rd7 Qc1+ 36. Kg2 Qxf4 0-1

[Event "Titled Tue 3rd Jan Late"]
[Site "chess.com INT"]
[Date "2025.06.03"]
[Round "5"]
[White "Dovgaliuk, Oleksandr"]
[Black "Walmer, Benjamin"]
[Result "1-0"]
[WhiteElo "2240"]
[BlackElo "1990"]
[WhiteFideId "14167247"]
[BlackFideId "30958164"]
[EventDate "2025.06.03"]

1. e4 c5 2. Nf3 e6 3. d4 cxd4 4. Nxd4 Nf6 5. Nc3 Nc6 6. Be2 Qc7 7. Ndb5 Qb8 8.
f4 a6 9. e5 axb5 10. exf6 b4 11. fxg7 Bxg7 12. Nb5 d5 13. O-O Ne7 14. Bd3 O-O
15. f5 exf5 16. Bf4 Be5 17. Qd2 Bxf4 18. Rxf4 Ng6 19. Rf3 Qe5 20. Qxb4 Bd7 21.
Re1 Qf6 22. Nc7 Rxa2 23. Nxd5 Qc6 24. Qd4 Ra4 25. b4 f6 26. Rg3 Qd6 27. Ne7+
Qxe7 28. Rxe7 Be8 29. Qh4 Bf7 30. Qxf6 Rxb4 31. h4 Rb1+ 32. Kh2 Rb4 33. h5 Rg4
34. Rxg4 fxg4 35. hxg6 hxg6 36. Bxg6 g3+ 37. Kxg3 b5 38. Bxf7+ Kh7 39. Qg6+ Kh8
40. Qh6# 1-0

[Event "Titled Tue 3rd Jan Late"]
[Site "chess.com INT"]
[Date "2025.06.03"]
[Round "5"]
[White "Galchenko, Matvey"]
[Black "Vlassov, Nikolai"]
[Result "1-0"]
[WhiteTitle "IM"]
[BlackTitle "IM"]
[WhiteElo "2442"]
[BlackElo "2291"]
[WhiteFideId "24175480"]
[BlackFideId "4103360"]
[EventDate "2025.06.03"]

1. b3 e5 2. Bb2 Nc6 3. c4 f5 4. Nf3 d6 5. d4 e4 6. d5 exf3 7. dxc6 bxc6 8. exf3
Nf6 9. g3 Be7 10. Bg2 O-O 11. O-O c5 12. Qd3 Qd7 13. f4 Rb8 14. Nd2 Kh8 15. Rfe1
Bb7 16. Bxb7 Rxb7 17. Nf3 Ne4 18. Rad1 Bf6 19. Bxf6 Rxf6 20. Re3 Rb8 21. Rde1
Re6 22. Qd5 Qf7 23. Rxe4 fxe4 24. Ng5 Qh5 25. Qxe6 h6 26. Nxe4 Re8 27. Qd5 Qg6
28. Re3 Rf8 29. Rf3 Rf5 30. Qd3 Rh5 31. Nc3 Qg4 32. Re3 Qd7 33. Qe2 Qh3 34. Re8+
Kh7 35. Qe4+ 1-0

[Event "Titled Tue 3rd Jan Late"]
[Site "chess.com INT"]
[Date "2025.06.03"]
[Round "5"]
[White "Tymrakiewicz, Rafal"]
[Black "Asish Panda"]
[Result "1-0"]
[WhiteTitle "FM"]
[WhiteElo "2189"]
[BlackElo "1911"]
[WhiteFideId "1108832"]
[BlackFideId "45012458"]
[EventDate "2025.06.03"]

1. d4 d5 2. Bg5 Nf6 3. e3 e6 4. Nd2 Be7 5. Bd3 b6 6. f4 Bb7 7. Bxf6 Bxf6 8. Ngf3
O-O 9. O-O c5 10. c3 Nd7 11. Ne5 Bxe5 12. fxe5 f5 13. Qh5 g6 14. Qh6 Qe7 15. Rf3
a6 16. Raf1 b5 17. Rh3 Qg7 18. Qg5 b4 19. cxb4 cxb4 20. Nf3 a5 21. Qf4 Rfc8 22.
Ng5 Nf8 23. Qh4 Rc7 24. g4 Ba6 25. Bxa6 Rxa6 26. gxf5 exf5 27. Rg3 Rc2 28. Nh3
Rxb2 29. Nf4 Rc6 30. Nxd5 Rcc2 31. Nf6+ Kh8 32. d5 Rxa2 33. e6 g5 34. Qxg5 Ng6
35. d6 Rc8 36. e7 b3 37. d7 Rac2 38. e8=Q+ Qf8 39. dxc8=Q Rxc8 40. Qxf8+ Rxf8
41. Nxh7 Rg8 42. Nf6 1-0

[Event "Titled Tue 3rd Jan Late"]
[Site "chess.com INT"]
[Date "2025.06.03"]
[Round "5"]
[White "Bustelo, Tabare"]
[Black "Levano Loayza, Adriano Jaffet"]
[Result "1/2-1/2"]
[WhiteTitle "CM"]
[BlackTitle "CM"]
[WhiteElo "2043"]
[BlackElo "2049"]
[WhiteFideId "3000362"]
[BlackFideId "3865584"]
[EventDate "2025.06.03"]

1. d4 Nf6 2. Bg5 Ne4 3. h4 c5 4. dxc5 Nxg5 5. hxg5 Qa5+ 6. Nc3 Qxc5 7. g6 fxg6
8. e4 Nc6 9. Nf3 d6 10. Bd3 Bg4 11. Qd2 O-O-O 12. O-O-O e6 13. e5 Bxf3 14. gxf3
Nxe5 15. Ne4 Qc7 16. Ng5 Qe7 17. Qc3+ Kb8 18. f4 Rc8 19. Qb3 Nxd3+ 20. Rxd3 d5
21. Re3 Qf6 22. Nxe6 Bc5 23. Re2 Bd6 24. Qf3 Rhe8 25. Rhe1 Rxe6 26. Rxe6 Qxf4+
27. Qxf4 Bxf4+ 28. Kd1 h5 29. Re8 h4 30. Rxc8+ Kxc8 31. Re8+ Kd7 32. Rh8 g5 33.
Ke2 Be5 34. b3 Bf6 35. Kf3 Ke6 36. Kg4 Ke5 37. Rb8 b6 38. Rb7 Kd4 39. Rxa7 Kc3
40. Rc7+ Kb4 41. a4 Be5 42. Rc6 Ka5 43. f3 Bf4 44. Rc8 Kb4 45. Rd8 Kc5 46. Rc8+
Kb4 47. Rd8 Kc5 48. Rc8+ Kb4 1/2-1/2

[Event "Titled Tue 3rd Jan Late"]
[Site "chess.com INT"]
[Date "2025.06.03"]
[Round "5"]
[White "Hamedi Nia, Vesal"]
[Black "Navoyan, Gagik"]
[Result "0-1"]
[WhiteTitle "WIM"]
[BlackTitle "CM"]
[WhiteElo "2010"]
[BlackElo "2186"]
[WhiteFideId "12542253"]
[BlackFideId "13314866"]
[EventDate "2025.06.03"]

1. d4 Nf6 2. c4 e6 3. Nf3 d5 4. Nc3 Be7 5. Bf4 O-O 6. e3 c5 7. cxd5 Nxd5 8. Bg3
Nc6 9. Be2 cxd4 10. exd4 Bb4 11. Rc1 Qa5 12. Qb3 Be7 13. O-O Rd8 14. Rfd1 Bf6
15. Ne4 g6 16. Nxf6+ Nxf6 17. Bh4 Nd5 18. Bxd8 Qxd8 19. Ne5 Nxe5 20. dxe5 b6 21.
Bb5 Bb7 22. Bc6 Bxc6 23. Rxc6 Qg5 24. Qg3 Qf5 25. h3 Nf4 26. Re1 Rd8 27. Rc4 Nd3
28. Re2 h5 29. b3 Rd5 30. f4 b5 31. Rc8+ Kg7 32. Qe3 Nxf4 33. Rf2 g5 34. Kh2 h4
35. Qxa7 Qxe5 36. Qb8 Rd6 37. Rg8+ Kf6 38. g3 hxg3+ 39. Kxg3 Rd3+ 40. Kh2 Rxh3+
41. Kg1 Qe1+ 42. Rf1 Qg3# 0-1

[Event "Titled Tue 3rd Jan Late"]
[Site "chess.com INT"]
[Date "2025.06.03"]
[Round "5"]
[White "Bukreev, Stanislav"]
[Black "Venkatesh, Narayan"]
[Result "1-0"]
[WhiteTitle "FM"]
[BlackTitle "FM"]
[WhiteElo "2328"]
[BlackElo "2168"]
[WhiteFideId "34252347"]
[BlackFideId "30987881"]
[EventDate "2025.06.03"]

1. d4 Nf6 2. c4 e6 3. Nf3 d5 4. Nc3 Nbd7 5. Bf4 dxc4 6. e3 Nb6 7. Bxc4 Nxc4 8.
Qa4+ Bd7 9. Qxc4 Bd6 10. Bg3 O-O 11. Ne5 Rc8 12. O-O Qe7 13. Qb3 b6 14. Rad1 c5
15. Nxd7 Nxd7 16. Bxd6 Qxd6 17. dxc5 Qc6 18. Rd6 Qc7 19. Nb5 Nxc5 20. Qa3 Qb7
21. Qxa7 Qxa7 22. Nxa7 Ra8 23. Nc6 Rxa2 24. Ne7+ Kh8 25. Rxb6 h5 26. Rb1 Rd8 27.
h3 Rd2 28. Rb5 Rc2 29. b4 Rxf2 30. Rxc5 Rxg2+ 31. Kf1 Raf2+ 32. Ke1 Re2+ 33. Kd1
Rd2+ 34. Kc1 g6 35. Rb3 Rdf2 36. Kb1 g5 37. b5 g4 38. hxg4 h4 39. b6 h3 40. b7
Rf1+ 41. Rc1 Rxc1+ 42. Kxc1 h2 43. b8=Q+ Kh7 44. Qg8+ Kh6 45. Qh8+ Kg5 46. Rb5+
Kxg4 47. Qh5+ Kg3 48. Rg5+ Kf2 49. Rxg2+ Kxg2 50. Qg4+ Kf1 51. Qh3+ Kg1 52. Qg3+
Kh1 53. Nc6 e5 54. Nxe5 f5 55. Nf3 f4 56. Qxh2# 1-0

[Event "Titled Tue 3rd Jan Late"]
[Site "chess.com INT"]
[Date "2025.06.03"]
[Round "5"]
[White "Shi, Roger V"]
[Black "Kalyani Sirin"]
[Result "0-1"]
[BlackTitle "WFM"]
[WhiteElo "2137"]
[BlackElo "2136"]
[WhiteFideId "30980119"]
[BlackFideId "33323500"]
[EventDate "2025.06.03"]

1. e4 c5 2. Nf3 d6 3. Bb5+ Nd7 4. a4 Nf6 5. Nc3 g6 6. a5 a6 7. Bc4 Bg7 8. Bxf7+
Kxf7 9. Ng5+ Kg8 10. Ne6 Qe8 11. Nc7 Qd8 12. Nxa8 Ne5 13. Nb6 Be6 14. O-O h5 15.
d4 cxd4 16. Qxd4 h4 17. Bf4 Nfg4 18. Qd2 h3 19. f3 hxg2 20. Qxg2 Nf6 21. Rfd1
Bh3 22. Qg3 Nh5 23. Qxh3 Nxf4 24. Qg3 Qf8 25. Rd2 Rh3 26. Qf2 Nxf3+ 27. Kh1 Nxd2
28. Qxd2 Be5 29. Rf1 Qh6 30. Rf2 Qh4 31. Nbd5 Ne6 32. Rg2 Kh7 33. Kg1 Bd4+ 34.
Kh1 Bxc3 35. Nxc3 Nf4 36. Rf2 g5 37. Nd1 Kg6 38. Ne3 e6 39. Nf1 Qg4 40. Ng3 Qxg3
41. c3 Qg4 42. Qxd6 Rf3 43. Qd4 Rxf2 44. Qxf2 Qd1+ 45. Qg1 Qf3+ 0-1

[Event "Titled Tue 3rd Jan Late"]
[Site "chess.com INT"]
[Date "2025.06.03"]
[Round "5"]
[White "Alekseev, Evgeny"]
[Black "Tan, Zhongyi"]
[Result "1-0"]
[WhiteTitle "GM"]
[BlackTitle "GM"]
[WhiteElo "2516"]
[BlackElo "2536"]
[WhiteFideId "4138147"]
[BlackFideId "8603642"]
[EventDate "2025.06.03"]

1. e4 e5 2. Nf3 Nc6 3. Bc4 Nf6 4. d3 Bc5 5. O-O O-O 6. c3 d5 7. exd5 Nxd5 8. a4
a5 9. Nbd2 Nb6 10. Bb5 Bd6 11. Re1 Bg4 12. h3 Bh5 13. Ne4 Na7 14. Ng3 Bg6 15.
Bg5 f6 16. Be3 Nxb5 17. axb5 Nd5 18. Bc1 Re8 19. Nh4 Bf7 20. Nhf5 Bf8 21. Qf3
Kh8 22. Bd2 Qd7 23. Rad1 a4 24. c4 Nb4 25. Bc3 a3 26. bxa3 Rxa3 27. Bxb4 Bxb4
28. Rf1 b6 29. Ne4 Bxc4 30. dxc4 Rxf3 31. Rxd7 Rxf5 32. Rxc7 Rf4 33. f3 h6 34.
g3 Rf5 35. Kg2 Ra8 36. h4 Ra2+ 37. Kh3 h5 38. Rc6 g5 39. Rxf6 Rxf3 40. hxg5 Rxf1
41. Rxf1 Rc2 42. Rf7 Kg8 43. g6 1-0

[Event "Titled Tue 3rd Jan Late"]
[Site "chess.com INT"]
[Date "2025.06.03"]
[Round "5"]
[White "Serban, Cristian-Stefan"]
[Black "Materia, Marco"]
[Result "0-1"]
[WhiteTitle "FM"]
[BlackTitle "IM"]
[WhiteElo "2332"]
[BlackElo "2489"]
[WhiteFideId "1241443"]
[BlackFideId "45150451"]
[EventDate "2025.06.03"]

1. d4 Nf6 2. c4 e6 3. Nf3 d5 4. g3 Bb4+ 5. Bd2 Bd6 6. Bg2 O-O 7. O-O Nbd7 8. Nc3
dxc4 9. Bg5 c6 10. Nd2 Nb6 11. Qc2 Be7 12. e3 Re8 13. Rfd1 Nfd5 14. Bxe7 Qxe7
15. Nce4 e5 16. Nxc4 exd4 17. Ncd6 dxe3 18. Nxe8 Qxe8 19. Nd6 Qe6 20. Nxc8 Rxc8
21. Re1 Nb4 22. Qe4 exf2+ 23. Kxf2 Qxe4 24. Bxe4 g6 25. a3 N4d5 26. Rad1 Kg7 27.
Rd3 Rc7 28. b3 a5 29. Rc1 Nf6 30. Bf3 h5 31. Rc5 a4 32. b4 Nfd7 33. Rc1 Ne5 34.
Rd4 Re7 35. Be2 Ned7 36. Re1 Re5 37. Bd3 Rxe1 38. Kxe1 Kf6 39. Kf2 Ke5 40. Re4+
Kd6 41. Rd4+ Nd5 42. Bc4 Nf6 43. Ba2 b5 44. Rd2 Ne4+ 0-1

[Event "Titled Tue 3rd Jan Late"]
[Site "chess.com INT"]
[Date "2025.06.03"]
[Round "5"]
[White "Dubnevych, Maksym"]
[Black "Ozates, Tuna"]
[Result "1-0"]
[WhiteTitle "FM"]
[BlackTitle "FM"]
[WhiteElo "2292"]
[BlackElo "2217"]
[WhiteFideId "14184001"]
[BlackFideId "6354521"]
[EventDate "2025.06.03"]

1. Nc3 e5 2. Nf3 Nc6 3. d4 exd4 4. Nxd4 Nf6 5. Bg5 Be7 6. Nf5 O-O 7. Nxe7+ Qxe7
8. Nd5 Qe5 9. Bxf6 gxf6 10. e3 Ne7 11. Nxe7+ Qxe7 12. Bd3 Qb4+ 13. c3 Qh4 14.
Qf3 c6 15. g3 Qg5 16. h4 Qe5 17. O-O-O d5 18. g4 b5 19. g5 f5 20. Qf4 Qxf4 21.
exf4 a5 22. Rde1 Be6 23. Re5 b4 24. Rhe1 b3 25. a3 Rfd8 26. Bxf5 Bxf5 27. Rxf5
d4 28. c4 d3 29. Kd2 Rd4 30. Kc3 Rad8 31. Rd1 a4 32. Rd2 Kg7 33. h5 h6 34. Rf6
c5 35. Rf5 Re8 36. Rxd3 Re2 37. Rxc5 Rxf4 38. gxh6+ Kxh6 39. Kb4 Rxb2 40. Kxa4
Rbxf2 41. Rxb3 1-0

[Event "Titled Tue 3rd Jan Late"]
[Site "chess.com INT"]
[Date "2025.06.03"]
[Round "5"]
[White "Pribelszky, Bence"]
[Black "Ngo, Quang Thai"]
[Result "1-0"]
[WhiteTitle "IM"]
[WhiteElo "2400"]
[BlackElo "2341"]
[WhiteFideId "769738"]
[BlackFideId "12403768"]
[EventDate "2025.06.03"]

1. g3 e5 2. e4 Nf6 3. Bg2 Bc5 4. Nc3 d6 5. Nf3 O-O 6. O-O c6 7. d4 exd4 8. Nxd4
Bg4 9. f3 Bc8 10. Be3 Re8 11. Qd2 d5 12. exd5 Nxd5 13. Nxd5 Qxd5 14. c3 Nd7 15.
Kh1 Nf6 16. Bg5 Qd6 17. Rad1 Nd5 18. Nb3 Qf8 19. Rfe1 Be6 20. Qc2 h6 21. Bc1 Nf6
22. h3 Rad8 23. Kh2 Bd6 24. f4 Bd5 25. Be3 b6 26. Bd4 Be7 27. Bxf6 Bxf6 28. Bxd5
cxd5 29. Rxe8 Qxe8 30. Qg2 Qb5 31. Rd2 Qc4 32. Qe2 Qxe2+ 33. Rxe2 d4 34. cxd4
Bxd4 35. Nxd4 Rxd4 36. f5 g6 37. fxg6 fxg6 38. g4 Kf7 39. Kg3 Rd3+ 40. Kf4 Rd4+
41. Ke5 Rd3 42. Rc2 Re3+ 43. Kd6 Rxh3 44. Rc7+ Kf6 45. Rxa7 Rg3 46. Ra4 h5 47.
gxh5 1-0

[Event "Titled Tue 3rd Jan Late"]
[Site "chess.com INT"]
[Date "2025.06.03"]
[Round "5"]
[White "Alves Campelo, Danilo Cesar De L"]
[Black "Harriott, Tyrell"]
[Result "1-0"]
[WhiteElo "2028"]
[BlackElo "1924"]
[WhiteFideId "2123657"]
[BlackFideId "2086484"]
[EventDate "2025.06.03"]

1. e4 d6 2. d4 Nf6 3. Nc3 Nbd7 4. f3 c6 5. Be3 Qa5 6. Qd2 b5 7. Bd3 e5 8. Nge2
Be7 9. g4 h6 10. h4 b4 11. Nd1 Bb7 12. Nf2 d5 13. a3 Rd8 14. O-O exd4 15. Bxd4
c5 16. axb4 Qc7 17. Bxc5 Nxc5 18. bxc5 Bxc5 19. Bb5+ Kf8 20. exd5 Nxd5 21. Qa5
Ne3 22. Qxc7 Bb6 23. Qxb7 Bc5 24. Kh2 g6 25. Ne4 Bb6 26. Rfe1 Kg7 27. Nf4 Rb8
28. Qa6 Rhf8 29. Nd5 Nxc2 30. Nxb6 Rxb6 31. Qa4 Nxe1 32. Rxe1 Re6 33. Qd4+ f6
34. Qd7+ Rf7 35. Qxe6 a6 36. Qxf6+ Rxf6 37. Nxf6 Kxf6 38. Bxa6 h5 39. Bc4 hxg4
40. fxg4 g5 41. b4 gxh4 42. b5 Kg5 43. b6 Kxg4 44. b7 Kg5 45. b8=Q Kg4 46. Qg8+
Kf5 47. Qf7+ Kg5 48. Rg1+ 1-0

[Event "Titled Tue 3rd Jan Late"]
[Site "chess.com INT"]
[Date "2025.06.03"]
[Round "5"]
[White "Yurtseven, Melih"]
[Black "Gharibyan, Mamikon"]
[Result "1-0"]
[WhiteTitle "IM"]
[BlackTitle "GM"]
[WhiteElo "2339"]
[BlackElo "2472"]
[WhiteFideId "6312160"]
[BlackFideId "13308300"]
[EventDate "2025.06.03"]

1. e4 e6 2. d3 d5 3. Nd2 Nf6 4. Ngf3 c5 5. g3 Nc6 6. Bg2 Be7 7. O-O O-O 8. e5
Nd7 9. Re1 Qc7 10. Qe2 b5 11. Nf1 a5 12. Bf4 a4 13. a3 b4 14. Ne3 bxa3 15. Nxd5
exd5 16. e6 Qb6 17. exd7 axb2 18. dxc8=Q Rfxc8 19. Rad1 Bf6 20. Ne5 Nd4 21. Qh5
g6 22. Nd7 gxh5 23. Nxb6 a3 24. Bxd5 a2 25. Nxa8 Nxc2 26. Bxa2 Rxa8 27. Bb1 Nxe1
28. Rxe1 Kg7 29. Kf1 h4 30. Be5 Bxe5 31. Rxe5 Ra1 32. Re1 Kf6 33. Ke2 Kg5 34. f3
h5 35. Kd2 hxg3 36. hxg3 h4 37. gxh4+ Kxh4 38. Kc3 Kg3 39. Kxb2 Ra7 40. Ba2 Kxf3
41. Bc4 f5 42. Rf1+ Kg4 43. Be6 Rb7+ 44. Kc3 Rb4 45. Bxf5+ Kg3 46. Be4 Ra4 47.
Bd5 1-0

[Event "Titled Tue 3rd Jan Late"]
[Site "chess.com INT"]
[Date "2025.06.03"]
[Round "5"]
[White "Belov, Alexei"]
[Black "Ali, Sebbar"]
[Result "1-0"]
[WhiteTitle "IM"]
[BlackTitle "IM"]
[WhiteElo "2421"]
[BlackElo "2400"]
[WhiteFideId "4128206"]
[BlackFideId "8100977"]
[EventDate "2025.06.03"]

1. e4 c5 2. Nf3 Nc6 3. d4 cxd4 4. Nxd4 g6 5. Nc3 Bg7 6. Be3 Nf6 7. Bc4 O-O 8.
Bb3 d6 9. f3 Bd7 10. Qd2 Nxd4 11. Bxd4 b5 12. a3 a5 13. O-O a4 14. Ba2 Qa5 15.
Qf2 Rfc8 16. Nd5 Nxd5 17. Bxg7 Kxg7 18. exd5 Qa7 19. c3 Bf5 20. Rad1 g5 21. Rd4
Qd7 22. Re1 Bg6 23. Qe3 Qf5 24. Bb1 Qf6 25. Bxg6 Qxg6 26. Re4 Rc5 27. Qd4+ Qf6
28. Qd2 Ra7 29. Rg4 h6 30. h4 Qf5 31. hxg5 Rxd5 32. gxh6+ Kh7 33. Rg7+ Kh8 34.
Qe3 Rb7 35. f4 Rd3 36. Qe4 Qxe4 37. Rxe4 Rd2 38. Rxf7 Rxb2 39. f5 Kg8 40. Rexe7
Rxe7 41. Rxe7 Rb3 42. h7+ Kh8 43. f6 Rxc3 44. Re8+ Kxh7 45. f7 Rc1+ 46. Kh2 Rf1
47. f8=Q Rxf8 48. Rxf8 Kg7 49. Rb8 1-0

[Event "Titled Tue 3rd Jan Late"]
[Site "chess.com INT"]
[Date "2025.06.03"]
[Round "5"]
[White "Ivashentseva, Dominika"]
[Black "Ristic, Nebojsa M"]
[Result "0-1"]
[WhiteTitle "WCM"]
[BlackTitle "IM"]
[WhiteElo "1921"]
[BlackElo "2248"]
[WhiteFideId "34331050"]
[BlackFideId "900850"]
[EventDate "2025.06.03"]

1. d4 Nf6 2. c4 g6 3. Nf3 Bg7 4. g3 O-O 5. Bg2 d6 6. O-O Nc6 7. Nc3 Bf5 8. Re1
Ne4 9. Be3 Nxc3 10. bxc3 Be4 11. Nd2 Bxg2 12. Kxg2 e5 13. Nb3 Re8 14. Qc2 Qe7
15. Rad1 f5 16. Bc1 e4 17. f3 exf3+ 18. exf3 Qxe1 19. Rxe1 Rxe1 20. d5 Nd8 21.
Nd4 Bxd4 22. cxd4 Nf7 23. g4 Rae8 24. Kg3 R8e2 25. Qd3 Rg1+ 26. Kh3 fxg4+ 27.
fxg4 Rgg2 28. Bf4 g5 29. Bg3 Rxa2 30. Qf5 Kg7 31. Qd7 Rgd2 32. Qxc7 Rxd4 33. c5
h5 34. Bxd6 hxg4+ 35. Kg3 Ra3+ 36. Kf2 Rd2+ 37. Ke1 Rg2 38. Be5+ Kg6 39. d6 Nxe5
40. Kf1 Rb2 0-1

[Event "Titled Tue 3rd Jan Late"]
[Site "chess.com INT"]
[Date "2025.06.03"]
[Round "5"]
[White "Ezat, Mohamed"]
[Black "Ahmad, Khagan"]
[Result "0-1"]
[WhiteTitle "IM"]
[BlackTitle "IM"]
[WhiteElo "2296"]
[BlackElo "2405"]
[WhiteFideId "10600906"]
[BlackFideId "13431552"]
[EventDate "2025.06.03"]

1. d4 Nf6 2. c4 g6 3. Nc3 c5 4. d5 Bg7 5. e4 d6 6. Be2 O-O 7. Bg5 e6 8. Qd2 exd5
9. exd5 Nbd7 10. Nf3 Re8 11. O-O Nf8 12. h3 Bf5 13. Nh4 Bc8 14. Bd3 a6 15. a4
Qc7 16. Nf3 Bd7 17. Rfe1 Nh5 18. Qc2 f5 19. a5 Rxe1+ 20. Nxe1 Re8 21. Be2 Nf6
22. Bd3 Bc8 23. Nf3 N8d7 24. Bf4 Nh5 25. Bd2 Ne5 26. Nxe5 Bxe5 27. g4 fxg4 28.
hxg4 Bxg4 29. Bxg6 Qg7 30. Bxe8 Bf5+ 31. Kf1 Bxc2 32. Bxh5 Bd3+ 33. Be2 Bxc3 34.
Bxc3 Bxe2+ 35. Kxe2 Qg4+ 36. Kd3 Qf3+ 37. Kc2 Qxf2+ 38. Kb3 h5 39. Re1 h4 40.
Re6 h3 41. Rh6 h2 42. Ka4 Qc2+ 43. Ka3 Qg2 44. Ka4 h1=Q 45. Rxh1 Qxh1 46. b3 Qd1
47. Bf6 Qf3 48. Be7 Qe2 0-1

[Event "Titled Tue 3rd Jan Late"]
[Site "chess.com INT"]
[Date "2025.06.03"]
[Round "5"]
[White "Sailer, Mike"]
[Black "Guliev, Gasan"]
[Result "0-1"]
[BlackTitle "CM"]
[WhiteElo "2108"]
[BlackElo "2123"]
[WhiteFideId "2012901"]
[BlackFideId "34165638"]
[EventDate "2025.06.03"]

1. d4 Nf6 2. Nf3 d5 3. e3 Bf5 4. Bd3 Bg6 5. O-O e6 6. b3 Bd6 7. Bb2 O-O 8. Ne5
Nbd7 9. f4 a5 10. a3 a4 11. b4 Be4 12. Nd2 Bxd3 13. cxd3 c6 14. Rf3 g6 15. Rh3
Ne8 16. Qg4 f5 17. Qg3 Ndf6 18. Qh4 Bxe5 19. dxe5 Nh5 20. Nf3 Qxh4 21. Rxh4 b6
22. Nd4 Nhg7 23. Nxc6 Nc7 24. Bd4 Ra6 25. Rc1 Nb5 26. Bb2 Ne8 27. Ne7+ Kg7 28.
Rc8 h6 29. Rh3 Kf7 30. Nc6 h5 31. Rg3 h4 32. Nd8+ Ke7 33. Rxg6 Kd7 34. Rb8 Rh8
35. Nxe6 Nbc7 36. Nxc7 Kxc7 37. Rxe8 Rxe8 38. Rf6 Kd7 39. Rxf5 Rc8 40. Rf7+ Ke6
41. Bd4 Kxf7 0-1

[Event "Titled Tue 3rd Jan Late"]
[Site "chess.com INT"]
[Date "2025.06.03"]
[Round "5"]
[White "Bortnyk, Olexandr"]
[Black "Kaczur, Florian"]
[Result "1-0"]
[WhiteTitle "GM"]
[BlackTitle "IM"]
[WhiteElo "2601"]
[BlackElo "2500"]
[WhiteFideId "14120828"]
[BlackFideId "705098"]
[EventDate "2025.06.03"]

1. d4 d5 2. Nc3 Nc6 3. Bf4 Bf5 4. e3 e6 5. Bd3 Bg6 6. h4 Bd6 7. Nge2 Nge7 8. h5
Bf5 9. h6 g6 10. Bg5 O-O 11. Bf6 Qd7 12. f4 Nb4 13. Ng3 Rfe8 14. a3 Bxd3 15.
cxd3 Nbc6 16. Qf3 Nc8 17. Nh5 Be7 18. Qg4 Qd8 19. Qg5 Nd6 20. Bxe7 Rxe7 21. Nf6+
Kh8 22. Nfxd5 Re8 23. Qxd8 Rexd8 24. Nf6 Ne8 25. Nce4 Ne7 26. Rc1 c6 27. Kf2
Nxf6 28. Nxf6 Nd5 29. Nxd5 Rxd5 30. g4 Kg8 31. g5 Kf8 32. Rc4 Rad8 33. Rhc1 Ke7
34. Rc5 Rxc5 35. Rxc5 Rd5 36. Rc4 Rb5 37. b4 Rd5 38. e4 Rd7 39. Ke3 Kd8 40. Rc5
Ke7 41. a4 Rc7 42. d5 exd5 43. exd5 Kd6 44. dxc6 bxc6 45. Re5 f6 46. gxf6 Rf7
47. Re7 Rxe7+ 48. fxe7 Kxe7 49. b5 cxb5 50. axb5 Kd6 51. d4 Kd5 52. Kd3 a6 53.
bxa6 Kc6 54. d5+ Kxd5 55. a7 1-0